2026 NFL Pro Bowlers - Statistics

General Stats
  • This quiz has been taken 114 times
  • The average score is 58 of 88
Answer Stats
Position Player Team % Correct
QB Josh Allen Bills
100%
QB Drake Maye Patriots
99%
QB Justin Herbert Chargers
99%
DT Zach Allen Broncos
98%
RB James Cook Bills
96%
RB Jonathan Taylor Colts
96%
QB Dak Prescott Cowboys
94%
QB Matthew Stafford Rams
94%
QB Sam Darnold Seahawks
94%
RB Christian McCaffrey 49ers
93%
WR Ja'Marr Chase Bengals
92%
RB Bijan Robinson Falcons
90%
RB De'Von Achane Dolphins
90%
RB Jahmyr Gibbs Lions
90%
TE Travis Kelce Chiefs
89%
WR Zay Flowers Ravens
89%
WR Nico Collins Texans
88%
TE Brock Bowers Raiders
87%
TE George Kittle 49ers
87%
WR Puka Nacua Rams
87%
WR George Pickens Cowboys
86%
WR Amon-Ra St. Brown Lions
84%
LB Roquan Smith Ravens
83%
OG Trey Smith Chiefs
83%
OG Tyler Smith Cowboys
83%
WR Courtland Sutton Broncos
82%
DE Maxx Crosby Raiders
82%
DE Myles Garrett Browns
82%
DE Micah Parsons Packers
80%
DT Chris Jones Chiefs
78%
WR Jaxson Smith-Njigba Seahawks
78%
TE Trey McBride Cardinals
78%
DT Leonard Williams Seahawks
77%
DT Quinnen Williams Cowboys
77%
OT Trent Williams 49ers
77%
OT Penei Sewell Lions
76%
DE Will Anderson Jr. Texans
76%
CB Derek Stingley Jr. Texans
73%
CB Pat Surtain II Broncos
73%
DE Aidan Hutchinson Lions
72%
K Brandon Aubrey Cowboys
72%
CB Cooper DeJean Eagles
69%
DT Jeffrey Simmons Titans
69%
OT Joe Alt Chargers
69%
OLB T.J. Watt Steelers
69%
CB Christian Gonzalez Patriots
67%
C Creed Humphrey Chiefs
67%
CB Denzel Ward Browns
67%
S Kyle Hamilton Ravens
67%
FB Patrick Ricard Ravens
67%
OT Tristan Wirfs Buccaneers
67%
OLB Brian Burns Giants
66%
K Cameron Dicker Chargers
65%
OG Joe Thuney Bears
65%
OG Quentin Nelson Colts
65%
S Derwin James Jr. Chargeers
64%
DT Jalen Carter Eagles
64%
CB Quinyon Mitchell Eagles
64%
S Jalen Ramsey Steelers
63%
S Budda Baker Cardinals
61%
CB De'Von Witherspoon Seahawks
61%
CB Jaycee Horn Panthers
61%
S Antoine Winfield Jr. Buccaneers
59%
LB Zack Baun Eagles
59%
OLB Jared Verse Rams
58%
OLB Nik Bonitto Broncos
57%
OT Dion Dawkins Bills
54%
C Tyler Linderbaum Ravens
53%
PR/KR Rashid Shaheed Seahawks
49%
OG Chris Lindstrom Falcons
48%
OG Quinn Meinerz Broncos
48%
DE DeMarcus Lawrence Seahawks
47%
OT Garett Bolles Broncos
47%
LB Jack Campbell Lions
45%
S Kevin Byard III Bears
45%
C Cam Jurgens Eagles
43%
PR/KR Chimere Dike Titans
43%
LB Azees Al-Shaair Texans
35%
OLB Byron Young Rams
33%
C Drew Dalman Bears
25%
P Tress Way Commanders
25%
P Jordan Stout Ravens
23%
OLB Tuli Tuipulotu Chargers
22%
Special Teamer Ben Skowronek Steelers
13%
LS Ross Matiscik Jaguars
12%
LS Jon Weeks 49ers
7%
FB Kyle Juszczyk 49ers
7%
Special Teamer Luke Gifford 49ers
4%
No matching quizzes found
Score Distribution
Percent of People with Each Score
Percentile by Number Answered
Your Score History
You have not taken this quiz